Predvstupové nástroje prípravy asociovaných krajín na vstup do Európskej únie so zameraním na slovenské poľnohospodárstvo
Na minha lista:
| Autor principal: | |
|---|---|
| Formato: | Capítulo de Livro |
| Idioma: | eslovaco |
| Tags: |
Sem tags, seja o primeiro a adicionar uma tag!
|
MARC
| LEADER | 00000naa$a2200000$$$4500 | ||
|---|---|---|---|
| 001 | 0098336 | ||
| 005 | 20240502083244.5 | ||
| 041 | 0 | |a slo | |
| 044 | |a PL | ||
| 245 | 1 | 0 | |a Predvstupové nástroje prípravy asociovaných krajín na vstup do Európskej únie so zameraním na slovenské poľnohospodárstvo |c Erika Neubauerová |
| 100 | 1 | |a Neubauerová, Erika, 1968- | |